000
00322nam a2200133Ia 4500
008
191201s2009 xx 000 0 und d
082
_a
005.26
_b
HAM
100
_a
HALL, Douglas V
245
0
_a
Microprocessors and Interfacing
260
_a
N.Delhi
_b
TMH
_c
2009
300
_a
misc
650
_a
B.Tech(ECE)
942
_2
ddc
_c
BK
999
_c
4071
_d
4071